[Event "Niederoesterreichische Landesliga"]
[Site "Verschiedene"]
[Date "2018.10.14"]
[Round "2"]
[Board "2"]
[White "Groetz, Harald"]
[Black "Vrana, Frantisek"]
[Result "1-0"]
[WhiteElo "2339"]
[BlackElo "2252"]
[PlyCount "81"]
[EventDate "2018.09.30"]
[EventType "team"]
[EventRounds "11"]
[EventCountry "AUT"]
[WhiteTeam "SV Stockerau"]
[BlackTeam "SGM Mistelbach/Altlichtenwarth"]

1. Nf3 Nf6 2. g3 d5 3. b3 Bf5 4. Bg2 c6 5. Bb2 h6 6. O-O e6 7. c4 Be7 8. d3 O-O
9. Nbd2 Nbd7 10. Qc2 Bh7 11. a3 a5 12. Bc3 Qb6 13. Qb2 c5 14. d4 Rfe8 15. Rac1
cxd4 16. Bxd4 Bc5 17. cxd5 Bxd4 18. Nxd4 exd5 19. N2f3 Nc5 20. Rfd1 Nce4 21.
Bh3 Re7 22. e3 Nd6 23. Nd2 Rae8 24. Re1 Bg6 25. Qc3 Nfe4 26. Nxe4 Nxe4 27. Qb2
Ng5 28. Bg2 Be4 29. h4 Ne6 30. Red1 Rd7 31. Rd2 Bg6 32. Bf1 Red8 33. Be2 Nc5
34. Rdd1 Ne4 35. Bg4 Rd6 36. Bf5 Rf6 37. Bxe4 dxe4 38. Qc3 Bh5 39. Rd2 Qd6 40.
Qxa5 Qd5 41. Rc5  1-0

[Event "Niederoesterreichische Landesliga"]
[Site "Verschiedene"]
[Date "2018.10.14"]
[Round "2"]
[Board "3"]
[White "Seget, Milan"]
[Black "Piringer, Florian"]
[Result "1/2-1/2"]
[WhiteElo "2067"]
[BlackElo "2124"]
[PlyCount "58"]
[EventDate "2018.09.30"]
[EventType "team"]
[EventRounds "11"]
[EventCountry "AUT"]
[WhiteTeam "SGM Mistelbach/Altlichtenwarth"]
[BlackTeam "SV Stockerau"]

1. d4 Nf6 2. Nf3 g6 3. g3 d5 4. Bg2 Bg7 5. O-O O-O 6. c4 c6 7. cxd5 cxd5 8. Nc3
Ne4 9. Qb3 Nc6 10. e3 Na5 11. Qc2 Nxc3 12. Qxc3 Bf5 13. Bd2 Nc4 14. b3 Nd6 15.
Rfc1 Rc8 16. Qa5 Qxa5 17. Bxa5 Rxc1+ 18. Rxc1 e6 19. Bb4 Rc8 20. Rxc8+ Nxc8 21.
Nd2 Bf8 22. Bxf8 Kxf8 23. e4 dxe4 24. Bxe4 Nd6 25. Bxf5 Nxf5 26. Nf3 h5 27. Kf1
Ke7 28. Ke2 f6 29. h3 g5  1/2-1/2

[Event "Niederoesterreichische Landesliga"]
[Site "Verschiedene"]
[Date "2018.10.14"]
[Round "2"]
[Board "4"]
[White "Schmid, Thomas"]
[Black "Teuber, Andreas"]
[Result "1-0"]
[WhiteElo "2141"]
[BlackElo "2169"]
[PlyCount "69"]
[EventDate "2018.09.30"]
[EventType "team"]
[EventRounds "11"]
[EventCountry "AUT"]
[WhiteTeam "SV Stockerau"]
[BlackTeam "SGM Mistelbach/Altlichtenwarth"]

1. e4 Nf6 2. e5 Nd5 3. d4 d6 4. Nf3 Bg4 5. Be2 e6 6. O-O Nc6 7. c4 Nde7 8. exd6
Qxd6 9. Nc3 Bxf3 10. Bxf3 O-O-O 11. Nb5 Qb4 12. b3 Nxd4 13. Nxd4 e5 14. Nc2 Qc3
15. Qe2 f5 16. Rd1 Rxd1+ 17. Qxd1 e4 18. Be2 Nc6 19. Rb1 Bc5 20. Qd2 Qf6 21.
Bb2 Qg6 22. Qc3 Rg8 23. b4 Be7 24. b5 Nd8 25. Qe5 Bg5 26. Ne3 Bxe3 27. fxe3 Ne6
28. Qg3 Qf7 29. Rd1 g5 30. Qe5 Rf8 31. Rf1 h5 32. Ba3 Re8 33. Qxf5 Qd7 34. Rd1
Qg7 35. Bxh5  1-0

[Event "Niederoesterreichische Landesliga"]
[Site "Verschiedene"]
[Date "2018.10.14"]
[Round "2"]
[Board "1"]
[White "Schmidrathner, Christian"]
[Black "Wirius, Johannes"]
[Result "0-1"]
[WhiteElo "2080"]
[BlackElo "2185"]
[PlyCount "94"]
[EventDate "2018.09.30"]
[EventType "team"]
[EventRounds "11"]
[EventCountry "AUT"]
[WhiteTeam "SGM Bisamberg/Korneuburg"]
[BlackTeam "ASK Kottingbrunn"]

1. e4 e6 2. d4 d5 3. Nc3 Nf6 4. Bg5 dxe4 5. Nxe4 Be7 6. Bd3 Nxe4 7. Bxe7 Qxe7
8. Bxe4 Qb4+ 9. c3 Qxb2 10. Ne2 c6 11. O-O Nd7 12. Qd3 Nf6 13. Bf3 Qa3 14. Rfe1
O-O 15. Rab1 Rd8 16. Ng3 Nd5 17. Bxd5 cxd5 18. Nh5 Qe7 19. Qg3 f6 20. Re3 Qf7
21. Nf4 Re8 22. Nd3 b6 23. Rbe1 Bd7 24. Rf3 Bb5 25. Ne5 Qe7 26. Ng4 Kh8 27. Qf4
Rac8 28. Rh3 Qc7 29. Qf3 Qe7 30. Qd1 Bd7 31. Qd3 f5 32. Ne5 Kg8 33. Qf3 Red8
34. Qh5 h6 35. Rg3 Be8 36. Qh3 Qf6 37. Ree3 Rc7 38. Ref3 Rdc8 39. Kf1 b5 40.
Ng4 fxg4 41. Rxg4 Qe7 42. Qxh6 Rxc3 43. Rf6 Rc1+ 44. Ke2 R8c2+ 45. Kf3 Qa3+ 46.
Kf4 Rxf2+ 47. Kg5 Rxf6  0-1

[Event "Niederoesterreichische Landesliga"]
[Site "Verschiedene"]
[Date "2018.10.14"]
[Round "2"]
[Board "2"]
[White "Lampl, Gerald"]
[Black "Wetscherek, Gerhard"]
[Result "0-1"]
[WhiteElo "2106"]
[BlackElo "2074"]
[PlyCount "94"]
[EventDate "2018.09.30"]
[EventType "team"]
[EventRounds "11"]
[EventCountry "AUT"]
[WhiteTeam "ASK Kottingbrunn"]
[BlackTeam "SGM Bisamberg/Korneuburg"]

1. d4 d6 2. c4 Nf6 3. Nf3 g6 4. g3 Bg7 5. Bg2 O-O 6. O-O c6 7. Nc3 Qc7 8. Qc2
e5 9. Rd1 Bg4 10. b3 Re8 11. dxe5 dxe5 12. e4 Nbd7 13. h3 Bxf3 14. Bxf3 Rad8
15. Be3 Nf8 16. Rxd8 Rxd8 17. Rd1 Rxd1+ 18. Qxd1 Ne6 19. Kg2 Bf8 20. Na4 b5 21.
Nb2 Bc5 22. Bxc5 Nxc5 23. cxb5 cxb5 24. Nd3 Nfxe4 25. Qc2 Qd6 26. Nxe5 Qxe5 27.
b4 Nc3 28. bxc5 Qxc5 29. h4 h5 30. g4 hxg4 31. Bxg4 b4 32. h5 Qg5 33. Kh3 gxh5
34. Bd7 Qf4 35. Bc6 Qg4+ 36. Kh2 Qh4+ 37. Kg2 Qg4+ 38. Kh2 Qg6 39. Qb3 Qxc6 40.
Qxb4 Ne4 41. Qb8+ Kg7 42. Qe5+ Kg6 43. Qh8 Qd6+ 44. Kg2 Nf6 45. Qc8 Qd5+ 46.
Kg1 Qxa2 47. Qc5 a5  0-1

[Event "Niederoesterreichische Landesliga"]
[Site "Verschiedene"]
[Date "2018.10.14"]
[Round "2"]
[Board "3"]
[White "Pammer, Andreas"]
[Black "Lechner, Daniel"]
[Result "1/2-1/2"]
[WhiteElo "2086"]
[BlackElo "2167"]
[PlyCount "29"]
[EventDate "2018.09.30"]
[EventType "team"]
[EventRounds "11"]
[EventCountry "AUT"]
[WhiteTeam "SGM Bisamberg/Korneuburg"]
[BlackTeam "ASK Kottingbrunn"]

1. c4 g6 2. Nc3 Bg7 3. g3 c5 4. Bg2 Nc6 5. Nf3 e5 6. d3 Nge7 7. O-O O-O 8. Rb1
d6 9. a3 a5 10. Ne1 Be6 11. Nc2 d5 12. cxd5 Nxd5 13. Ne3 Nde7 14. Nc4 Rb8 15.
a4  1/2-1/2

[Event "Niederoesterreichische Landesliga"]
[Site "Verschiedene"]
[Date "2018.10.14"]
[Round "2"]
[Board "4"]
[White "Dittel, Herbert"]
[Black "Seidler, Dieter"]
[Result "1/2-1/2"]
[WhiteElo "2062"]
[BlackElo "1959"]
[PlyCount "80"]
[EventDate "2018.09.30"]
[EventType "team"]
[EventRounds "11"]
[EventCountry "AUT"]
[WhiteTeam "ASK Kottingbrunn"]
[BlackTeam "SGM Bisamberg/Korneuburg"]

1. d4 e6 2. c4 d5 3. Nc3 Nf6 4. Bg5 c6 5. e3 Nbd7 6. Nf3 Qa5 7. Nd2 Bb4 8. Qc2
dxc4 9. Bxf6 Nxf6 10. Nxc4 Bxc3+ 11. bxc3 Qc7 12. Bd3 h6 13. Ne5 O-O 14. O-O c5
15. Rac1 b6 16. f4 Nd7 17. Qe2 Bb7 18. Bb1 Rac8 19. Qc2 f5 20. Ng6 Rfe8 21. Qe2
Nf6 22. Ne5 Be4 23. Bxe4 Nxe4 24. c4 Qb7 25. Rfd1 Nf6 26. Qd3 Rcd8 27. Qc2 Qe4
28. Qxe4 Nxe4 29. dxc5 bxc5 30. Nc6 Rd6 31. Rxd6 Nxd6 32. Nxa7 Ra8 33. Nb5 Ne4
34. Rc2 Rd8 35. g3 Rd3 36. a4 Rd1+ 37. Kg2 Ra1 38. Nc3 Nxc3 39. Rxc3 Rxa4 40.
Kf3 Kf7  1/2-1/2

[Event "Niederoesterreichische Landesliga"]
[Site "Verschiedene"]
[Date "2018.10.14"]
[Round "2"]
[Board "1"]
[White "Trippold, Denise"]
[Black "Hellmayr, Alois"]
[Result "1/2-1/2"]
[WhiteElo "2146"]
[BlackElo "2273"]
[PlyCount "40"]
[EventDate "2018.09.30"]
[EventType "team"]
[EventRounds "11"]
[EventCountry "AUT"]
[WhiteTeam "SK Advisory Invest Baden"]
[BlackTeam "KSV Boehlerwerk"]

1. d4 Nf6 2. c4 e6 3. Nf3 Bb4+ 4. Bd2 Bxd2+ 5. Qxd2 d5 6. Nc3 O-O 7. g3 dxc4 8.
Bg2 Nc6 9. O-O Rb8 10. e4 b5 11. e5 Nd7 12. Ne4 h6 13. b3 Ba6 14. Rfc1 Qe7 15.
Bf1 Rfd8 16. Qe1 Nb6 17. Qe3 Nd5 18. Qe1 Nb6 19. Qe3 Nd5 20. Qe1 Nb6  1/2-1/2

[Event "Niederoesterreichische Landesliga"]
[Site "Verschiedene"]
[Date "2018.10.14"]
[Round "2"]
[Board "2"]
[White "Mostbauer, Florian"]
[Black "Hofegger, Jakob"]
[Result "1-0"]
[WhiteElo "2342"]
[BlackElo "2128"]
[PlyCount "79"]
[EventDate "2018.09.30"]
[EventType "team"]
[EventRounds "11"]
[EventCountry "AUT"]
[WhiteTeam "KSV Boehlerwerk"]
[BlackTeam "SK Advisory Invest Baden"]

1. d4 Nf6 2. Bg5 Ne4 3. Bf4 d6 4. Nd2 Nxd2 5. Qxd2 c6 6. e4 Bg4 7. f3 Bh5 8. h4
h6 9. O-O-O Nd7 10. Qc3 e6 11. d5 cxd5 12. exd5 e5 13. Be3 Bg6 14. Bd3 Bxd3 15.
Qxd3 Be7 16. h5 O-O 17. g4 Rc8 18. Ne2 Bg5 19. Ng3 Nc5 20. Qd2 f6 21. Kb1 Qc7
22. Nf5 Rfe8 23. Rhe1 Na4 24. Qd3 b5 25. f4 exf4 26. Bd4 Re5 27. b3 Nb6 28. Re2
b4 29. Rde1 Rce8 30. Qb5 Kh7 31. Bxb6 axb6 32. Qxe8 Rxe8 33. Rxe8 f3 34. R8e7
f2 35. Rf1 Qc3 36. Rxf2 Qh3 37. Rfe2 Qf1+ 38. Re1 Qb5 39. Rxg7+ Kh8 40. Rge7
 1-0

[Event "Niederoesterreichische Landesliga"]
[Site "Verschiedene"]
[Date "2018.10.14"]
[Round "2"]
[Board "3"]
[White "Zojer, Stefan"]
[Black "Heimberger, Reinhard"]
[Result "1-0"]
[WhiteElo "2125"]
[BlackElo "2260"]
[PlyCount "63"]
[EventDate "2018.09.30"]
[EventType "team"]
[EventRounds "11"]
[EventCountry "AUT"]
[WhiteTeam "SK Advisory Invest Baden"]
[BlackTeam "KSV Boehlerwerk"]

1. d4 d5 2. Nf3 Nf6 3. e3 g6 4. c4 c6 5. Nc3 Bg7 6. Bd3 O-O 7. O-O dxc4 8. Bxc4
Nbd7 9. b4 a5 10. b5 Nb6 11. Bb3 cxb5 12. Nxb5 a4 13. Bc2 Nfd5 14. Rb1 Bd7 15.
Bd2 Nc4 16. Bd3 Rc8 17. Na7 Rc7 18. Bxc4 Rxc4 19. Rxb7 Rc7 20. Qb1 Qa8 21. Rxc7
Nxc7 22. Qb6 Nd5 23. Qc5 Qb7 24. Rc1 e6 25. Ne5 Bxe5 26. dxe5 Kg7 27. e4 Nb6
28. Qe7 h5 29. Nb5 Qxe4 30. Bh6+ Kxh6 31. Qxf8+ Kg5 32. Nd6  1-0

[Event "Niederoesterreichische Landesliga"]
[Site "Verschiedene"]
[Date "2018.10.14"]
[Round "2"]
[Board "4"]
[White "Leinfellner, Helmut"]
[Black "Steinwender, Peter"]
[Result "1/2-1/2"]
[WhiteElo "2039"]
[BlackElo "2038"]
[PlyCount "27"]
[EventDate "2018.09.30"]
[EventType "team"]
[EventRounds "11"]
[EventCountry "AUT"]
[WhiteTeam "KSV Boehlerwerk"]
[BlackTeam "SK Advisory Invest Baden"]

1. d4 Nf6 2. Nf3 d6 3. e3 c6 4. Bd3 Qc7 5. Nbd2 Nbd7 6. b3 e5 7. Bb2 Be7 8. O-O
O-O 9. c4 Re8 10. Qc2 g6 11. Rfe1 Bf8 12. Red1 b6 13. Ng5 Bb7 14. Nge4  1/2-1/2

[Event "Niederoesterreichische Landesliga"]
[Site "Verschiedene"]
[Date "2018.10.14"]
[Round "2"]
[Board "1"]
[White "Froewis, Georg"]
[Black "Loeffler, Stefan"]
[Result "1-0"]
[WhiteElo "2419"]
[BlackElo "2365"]
[PlyCount "42"]
[EventDate "2018.09.30"]
[EventType "team"]
[EventRounds "11"]
[EventCountry "AUT"]
[WhiteTeam "SGM Voest Krems"]
[BlackTeam "ASVOE VHS Poechlarn"]

1. Nf3 c5 2. c4 g6 3. e4 Bg7 4. d4 Qb6 5. dxc5 Qxc5 6. Bd3 d6 7. O-O Bg4 8.
Nbd2 Nf6 9. h3 Bxf3 10. Nxf3 Nfd7 11. Be3 Qc7 12. Rb1 Nc5 13. Bc2 Ne6 14. b4
Qxc4 15. Ba4+ Nd7 16. e5 Qc7 17. Rc1 Qb8 18. Qd5 a6 19. Bb6 Nf4 20. Qe4 O-O 21.
Bxd7 dxe5  1-0

[Event "Niederoesterreichische Landesliga"]
[Site "Verschiedene"]
[Date "2018.10.14"]
[Round "2"]
[Board "2"]
[White "Ganaus, Hannes"]
[Black "Enoeckl, Philipp"]
[Result "1/2-1/2"]
[WhiteElo "2290"]
[BlackElo "2294"]
[PlyCount "36"]
[EventDate "2018.09.30"]
[EventType "team"]
[EventRounds "11"]
[EventCountry "AUT"]
[WhiteTeam "ASVOE VHS Poechlarn"]
[BlackTeam "SGM Voest Krems"]

1. Nf3 Nf6 2. d4 g6 3. e3 Bg7 4. Be2 O-O 5. O-O d6 6. b4 b6 7. Bb2 Nbd7 8. Nbd2
c5 9. dxc5 dxc5 10. b5 Qc7 11. a4 Bb7 12. Ra3 a5 13. Qa1 Nh5 14. Nc4 Bxb2 15.
Qxb2 f6 16. Rd1 Rfd8 17. Rad3 Nf8 18. Ne1 Ng7  1/2-1/2

[Event "Niederoesterreichische Landesliga"]
[Site "Verschiedene"]
[Date "2018.10.14"]
[Round "2"]
[Board "3"]
[White "Kleiser, Gregor"]
[Black "Ernst, Michael"]
[Result "0-1"]
[WhiteElo "2192"]
[BlackElo "2155"]
[PlyCount "108"]
[EventDate "2018.09.30"]
[EventType "team"]
[EventRounds "11"]
[EventCountry "AUT"]
[WhiteTeam "SGM Voest Krems"]
[BlackTeam "ASVOE VHS Poechlarn"]

1. d4 d5 2. Nf3 Bf5 3. c4 e6 4. Qb3 Nc6 5. a3 Rb8 6. Nc3 dxc4 7. Qxc4 Nf6 8.
Bg5 Be7 9. e3 O-O 10. Be2 h6 11. Bh4 Ne4 12. Bxe7 Qxe7 13. O-O Rfc8 14. Rac1
Nd8 15. Rfd1 c6 16. Qa4 b6 17. Nxe4 Bxe4 18. Nd2 Bg6 19. b4 c5 20. Qa6 Rc7 21.
dxc5 bxc5 22. b5 Rb6 23. Qa5 Rd6 24. Nc4 Rxd1+ 25. Rxd1 Be4 26. b6 axb6 27.
Qxb6 Bd5 28. Ne5 Nc6 29. Nxc6 Rxc6 30. Qb8+ Qf8 31. Qb5 Rc8 32. a4 Rb8 33. Qd3
Bb3 34. Ra1 c4 35. Qc3 Qb4 36. Qxb4 Rxb4 37. a5 Rb7 38. Kf1 c3 39. a6 Ra7 40.
Ke1 Kf8 41. Ra3 c2 42. Ra1 Rd7 43. e4 Ke7 44. f4 Kd8 45. Rc1 Kc8 46. g3 Kb8 47.
h4 f6 48. Ra1 Ka7 49. e5 fxe5 50. fxe5 Rd5 51. Rc1 Rxe5 52. Kd2 Rd5+ 53. Ke1
Rd1+ 54. Bxd1 cxd1=Q+  0-1

[Event "Niederoesterreichische Landesliga"]
[Site "Verschiedene"]
[Date "2018.10.14"]
[Round "2"]
[Board "4"]
[White "Mittermayr, Gerhard"]
[Black "Woeber, Friedrich"]
[Result "1/2-1/2"]
[WhiteElo "2120"]
[BlackElo "2134"]
[PlyCount "34"]
[EventDate "2018.09.30"]
[EventType "team"]
[EventRounds "11"]
[EventCountry "AUT"]
[WhiteTeam "ASVOE VHS Poechlarn"]
[BlackTeam "SGM Voest Krems"]

1. e4 c5 2. Nf3 Nc6 3. d4 cxd4 4. Nxd4 g6 5. Be3 Nf6 6. Nc3 Bg7 7. Nxc6 bxc6 8.
Bc4 d6 9. f3 Qa5 10. Qd2 O-O 11. O-O-O Be6 12. Bb3 Bxb3 13. cxb3 Rfd8 14. Kb1
Qc7 15. g4 d5 16. g5 dxe4 17. Qc2 Nh5  1/2-1/2

[Event "Niederoesterreichische Landesliga"]
[Site "Verschiedene"]
[Date "2018.10.28"]
[Round "3"]
[Board "1"]
[White "Hellmayr, Alois"]
[Black "Froewis, Georg"]
[Result "0-1"]
[WhiteElo "2273"]
[BlackElo "2419"]
[PlyCount "118"]
[EventDate "2018.09.30"]
[EventType "team"]
[EventRounds "11"]
[EventCountry "AUT"]
[WhiteTeam "KSV Boehlerwerk"]
[BlackTeam "SGM Voest Krems"]

1. Nf3 d5 2. g3 Bg4 3. Bg2 Nd7 4. c4 e6 5. Qb3 Nc5 6. Qc2 Nf6 7. d3 c6 8. O-O
Be7 9. Nbd2 O-O 10. b3 Nfd7 11. b4 Na6 12. a3 Nc7 13. Bb2 Bf6 14. cxd5 exd5 15.
e3 Re8 16. Rfc1 a5 17. Bxf6 Qxf6 18. bxa5 Rxa5 19. a4 Rea8 20. Nd4 Ne6 21. Nxe6
Bxe6 22. d4 Qe7 23. Qb3 Nf6 24. Rc5 Rxc5 25. dxc5 d4 26. Qa3 dxe3 27. Qxe3 Nd7
28. Nb3 Qf6 29. Nd4 Nxc5 30. Rb1 Rxa4 31. Nxe6 Nxe6 32. Rxb7 Ra1+ 33. Bf1 g6
34. Kg2 Ra8 35. Bc4 Re8 36. h4 Kg7 37. Qa7 h5 38. Qe3 Nd8 39. Qxe8 Nxb7 40. Qe3
Nd6 41. Bb3 Nf5 42. Qe4 Nd4 43. Bc4 c5 44. Qd5 Qf5 45. Qb7 Nc2 46. Bd5 Ne1+ 47.
Kf1 Nd3 48. f3 Ne5 49. Kg2 c4 50. Qc7 Ng4 51. Be4 Qe6 52. Qb7 Nf6 53. Qb2 Kh7
54. Ba8 Nd5 55. Qd4 Ne3+ 56. Kf2 Nf5 57. Qc3 Qb6+ 58. Kg2 Qb8 59. Qxc4 Ne3+  0-1

[Event "Niederoesterreichische Landesliga"]
[Site "Verschiedene"]
[Date "2018.10.28"]
[Round "3"]
[Board "2"]
[White "Kuba, Guenter"]
[Black "Mostbauer, Florian"]
[Result "1/2-1/2"]
[WhiteElo "2328"]
[BlackElo "2342"]
[PlyCount "25"]
[EventDate "2018.09.30"]
[EventType "team"]
[EventRounds "11"]
[EventCountry "AUT"]
[WhiteTeam "SGM Voest Krems"]
[BlackTeam "KSV Boehlerwerk"]

1. e4 c6 2. d4 d5 3. Nd2 dxe4 4. Nxe4 Nf6 5. Nxf6+ exf6 6. c3 Bd6 7. Bd3 O-O 8.
Qc2 Re8+ 9. Be3 g6 10. O-O-O Na6 11. h4 Bg4 12. Ne2 Qa5 13. Kb1  1/2-1/2

[Event "Niederoesterreichische Landesliga"]
[Site "Verschiedene"]
[Date "2018.10.28"]
[Round "3"]
[Board "3"]
[White "Heimberger, Reinhard"]
[Black "Woeber, Friedrich"]
[Result "1-0"]
[WhiteElo "2260"]
[BlackElo "2134"]
[PlyCount "67"]
[EventDate "2018.09.30"]
[EventType "team"]
[EventRounds "11"]
[EventCountry "AUT"]
[WhiteTeam "KSV Boehlerwerk"]
[BlackTeam "SGM Voest Krems"]

1. g3 d5 2. d4 Nf6 3. Bg2 c6 4. Nf3 g6 5. O-O Bg7 6. b3 O-O 7. Bb2 a5 8. c4 Ne4
9. Nbd2 Bf5 10. Nh4 Nxd2 11. Qxd2 Be6 12. Rac1 Qb6 13. Nf3 dxc4 14. bxc4 Qb4
15. a3 Qxd2 16. Nxd2 Rd8 17. Nb3 Na6 18. Nxa5 Nc5 19. Bc3 Bxd4 20. Bb4 Bb2 21.
Rc2 Bxa3 22. Bxc5 Rxa5 23. Bb6 Raa8 24. Bxd8 Rxd8 25. c5 Rd4 26. Ra1 Kg7 27.
Bf3 Bb4 28. e3 Rd7 29. Rb1 Ba5 30. Rcb2 Bd5 31. e4 Bc4 32. Rxb7 Rxb7 33. Rxb7
e5 34. Bd1  1-0

[Event "Niederoesterreichische Landesliga"]
[Site "Verschiedene"]
[Date "2018.10.28"]
[Round "3"]
[Board "4"]
[White "Schueller, Ernst"]
[Black "Strobel, Ferdinand"]
[Result "1-0"]
[WhiteElo "2192"]
[BlackElo "1993"]
[PlyCount "61"]
[EventDate "2018.09.30"]
[EventType "team"]
[EventRounds "11"]
[EventCountry "AUT"]
[WhiteTeam "SGM Voest Krems"]
[BlackTeam "KSV Boehlerwerk"]

1. e4 d6 2. d4 Nf6 3. Bd3 g6 4. f4 Bg4 5. Nf3 c5 6. c3 Bg7 7. O-O O-O 8. Nbd2
cxd4 9. cxd4 Nc6 10. d5 Nd4 11. h3 Nxf3+ 12. Nxf3 Qb6+ 13. Kh2 Bxf3 14. Qxf3
Nd7 15. Rb1 a5 16. Qe2 Rfc8 17. Bb5 Qd8 18. Be3 Nc5 19. Bf2 a4 20. b4 axb3 21.
axb3 Na6 22. Rfc1 Rxc1 23. Rxc1 Rc8 24. Bb6 Qf8 25. Rc4 f5 26. e5 Rxc4 27. Bxc4
Qc8 28. exd6 exd6 29. Qe7 Bf8 30. Qf6 Nc5 31. Bd8 {ZÃœ}  1-0

[Event "Niederoesterreichische Landesliga"]
[Site "Verschiedene"]
[Date "2018.10.28"]
[Round "3"]
[Board "2"]
[White "Trippold, Denise"]
[Black "Lampl, Gerald"]
[Result "1-0"]
[WhiteElo "2146"]
[BlackElo "2106"]
[PlyCount "127"]
[EventDate "2018.09.30"]
[EventType "team"]
[EventRounds "11"]
[EventCountry "AUT"]
[WhiteTeam "SK Advisory Invest Baden"]
[BlackTeam "ASK Kottingbrunn"]

1. d4 Nf6 2. c4 e6 3. Nf3 Bb4+ 4. Bd2 a5 5. g3 O-O 6. Bg2 Re8 7. O-O Nc6 8. Bg5
Bf8 9. Nc3 h6 10. Bxf6 Qxf6 11. e4 d6 12. Nb5 Qe7 13. Qd2 e5 14. d5 Nd8 15. Ne1
c6 16. Nc3 Bd7 17. Nc2 b6 18. Ne3 c5 19. Bf3 Bh3 20. Rfe1 Qg5 21. Qe2 f5 22.
exf5 Bxf5 23. h4 Qf6 24. Nxf5 Qxf5 25. Bg4 Qf6 26. Ne4 Qe7 27. Bf5 Qf7 28. Qg4
h5 29. Qg6 Qxg6 30. Bxg6 Nf7 31. Bxh5 Be7 32. Re3 Rad8 33. Bg4 Kf8 34. Rf3 Kg8
35. Be6 Rf8 36. Kg2 g6 37. Re1 Kg7 38. Rxf7+ Rxf7 39. Bxf7 Kxf7 40. Re3 Rd7 41.
Rf3+ Kg7 42. Kh3 Ra7 43. a4 Ra8 44. Kg4 Rg8 45. Ng5 Bf6 46. Rb3 Rb8 47. Ne4 Be7
48. h5 Kh6 49. hxg6 Kxg6 50. f4 exf4 51. gxf4 Bf8 52. f5+ Kf7 53. Ng5+ Kf6 54.
Nh7+ Ke5 55. Nxf8 Rxf8 56. Re3+ Kd4 57. Re6 Kxc4 58. Rxd6 Kd4 59. Kf4 Rh8 60.
f6 Rh2 61. Kf5 Rxb2 62. f7 c4 63. Rf6 Rf2+ 64. Ke6  1-0

[Event "Niederoesterreichische Landesliga"]
[Site "Verschiedene"]
[Date "2018.10.28"]
[Round "3"]
[Board "3"]
[White "Lechner, Daniel"]
[Black "Hofegger, Jakob"]
[Result "0-1"]
[WhiteElo "2167"]
[BlackElo "2128"]
[PlyCount "74"]
[EventDate "2018.09.30"]
[EventType "team"]
[EventRounds "11"]
[EventCountry "AUT"]
[WhiteTeam "ASK Kottingbrunn"]
[BlackTeam "SK Advisory Invest Baden"]

1. d4 Nf6 2. c4 g6 3. Nc3 Bg7 4. e4 d6 5. Nf3 O-O 6. h3 e5 7. d5 a5 8. Be3 Na6
9. g4 Bd7 10. Nd2 Nc5 11. Be2 Qe7 12. h4 c6 13. h5 cxd5 14. cxd5 Rfc8 15. a4 b6
16. h6 Bh8 17. Bg5 Qf8 18. f3 Ne8 19. Bb5 Bf6 20. Be3 Qe7 21. Qe2 Bh4+ 22. Kf1
Bxb5 23. Nxb5 Bg5 24. Nc4 Bxe3 25. Qxe3 Rab8 26. Kg2 Qd7 27. b3 Nxa4 28. Nbxd6
Nxd6 29. Nxd6 Rc2+ 30. Kg3 Nc3 31. Nc4 Ne2+ 32. Kf2 Nd4+ 33. Kg3 Ne2+ 34. Kf2
Nf4+ 35. Kf1 Qb5 36. Ra4 Rb2 37. Ra3 Rb1+  0-1

[Event "Niederoesterreichische Landesliga"]
[Site "Verschiedene"]
[Date "2018.10.28"]
[Round "3"]
[Board "4"]
[White "Rudolf, Herbert"]
[Black "Fabisch, Christian"]
[Result "1-0"]
[WhiteElo "2089"]
[BlackElo "2017"]
[PlyCount "51"]
[EventDate "2018.09.30"]
[EventType "team"]
[EventRounds "11"]
[EventCountry "AUT"]
[WhiteTeam "SK Advisory Invest Baden"]
[BlackTeam "ASK Kottingbrunn"]

1. d4 Nf6 2. Nc3 d5 3. Bg5 Bf5 4. Bxf6 gxf6 5. e3 e6 6. Bd3 Bg6 7. f4 c5 8. f5
exf5 9. Qf3 c4 10. Bxf5 Bb4 11. Nge2 Na6 12. O-O-O Nc7 13. e4 O-O 14. Ng3 Bxc3
15. Qxc3 Qd6 16. Qe3 Kg7 17. h4 h5 18. Rhe1 b5 19. e5 Qe7 20. Qf3 Rh8 21. exf6+
Qxf6 22. Qf4 Ne8 23. Re5 Rd8 24. Rf1 Rd6 25. Qe3 Qxh4 26. Bxg6  1-0

[Event "Niederoesterreichische Landesliga"]
[Site "Verschiedene"]
[Date "2018.10.28"]
[Round "3"]
[Board "1"]
[White "Polak, Tomas"]
[Black "Schmidrathner, Christian"]
[Result "1-0"]
[WhiteElo "2503"]
[BlackElo "2080"]
[PlyCount "57"]
[EventDate "2018.09.30"]
[EventType "team"]
[EventRounds "11"]
[EventCountry "AUT"]
[WhiteTeam "SV Stockerau"]
[BlackTeam "SGM Bisamberg/Korneuburg"]

1. Nf3 Nf6 2. d4 d6 3. c4 Nbd7 4. Nc3 e5 5. e4 Be7 6. Be2 O-O 7. O-O c6 8. Be3
a6 9. d5 cxd5 10. cxd5 Ne8 11. Rc1 g6 12. Bh6 Ng7 13. Qd2 f5 14. Ng5 Re8 15.
exf5 gxf5 16. Ne6 Nxe6 17. dxe6 Nf8 18. Nd5 Nxe6 19. Bh5 f4 20. Qd3 Kh8 21.
Bxe8 Qxe8 22. Nb6 Rb8 23. Nxc8 Rxc8 24. Qf5 Rxc1 25. Rxc1 Qg8 26. Kf1 b6 27. b4
a5 28. a3 axb4 29. axb4  1-0

[Event "Niederoesterreichische Landesliga"]
[Site "Verschiedene"]
[Date "2018.10.28"]
[Round "3"]
[Board "2"]
[White "Wetscherek, Gerhard"]
[Black "Groetz, Harald"]
[Result "0-1"]
[WhiteElo "2074"]
[BlackElo "2339"]
[PlyCount "64"]
[EventDate "2018.09.30"]
[EventType "team"]
[EventRounds "11"]
[EventCountry "AUT"]
[WhiteTeam "SGM Bisamberg/Korneuburg"]
[BlackTeam "SV Stockerau"]

1. e4 c5 2. Nf3 d6 3. c3 Nf6 4. Bc4 e6 5. Qe2 Be7 6. d4 cxd4 7. cxd4 O-O 8. e5
Nd5 9. Nc3 Nxc3 10. bxc3 Qc7 11. Bd2 Nd7 12. exd6 Bxd6 13. O-O b6 14. Bd3 Bb7
15. Be4 Bxe4 16. Qxe4 Qc4 17. Rfe1 Rac8 18. a4 Rfe8 19. Ng5 Nf6 20. Qf3 h6 21.
Ne4 Nxe4 22. Rxe4 Qd5 23. Qe2 Rc4 24. g3 Rec8 25. Rh4 Qf5 26. Rh5 Qc2 27. Rc1
Qxa4 28. Qg4 Kf8 29. Re1 Qc2 30. Bxh6 gxh6 31. Rxe6 fxe6 32. Qxe6 Qd1+  0-1

[Event "Niederoesterreichische Landesliga"]
[Site "Verschiedene"]
[Date "2018.10.28"]
[Round "3"]
[Board "3"]
[White "Schirmbeck, Hannes"]
[Black "Pammer, Andreas"]
[Result "1/2-1/2"]
[WhiteElo "2126"]
[BlackElo "2086"]
[PlyCount "40"]
[EventDate "2018.09.30"]
[EventType "team"]
[EventRounds "11"]
[EventCountry "AUT"]
[WhiteTeam "SV Stockerau"]
[BlackTeam "SGM Bisamberg/Korneuburg"]

1. e4 g6 2. d4 c6 3. c4 d5 4. e5 Na6 5. Nc3 Nc7 6. b3 Nh6 7. h3 Nf5 8. Nf3 h5
9. Be2 Bg7 10. O-O O-O 11. Be3 Nxe3 12. fxe3 Bh6 13. Qd2 Bf5 14. Nh4 e6 15.
Nxf5 exf5 16. Rae1 Re8 17. cxd5 Nxd5 18. Nxd5 Qxd5 19. Qc3 Rad8 20. Bf3 Qb5
 1/2-1/2